000 00400nam a2200157Ia 4500
005 20250430050145.0
008 240331s9999 xx 000 0 und d
020 _a9556520422
082 _bTHA
_a891
100 _aThakuur,R
245 0 _aGoora
260 _aMulleria
_bWijayasuriya krande kendraya
_c1999
300 _a553 p .,
500 _aTranslation of Ravendranaath Thakoor's Goora
942 _cL
999 _c5323
_d5323